nom français des arbres / plantes - Statistiques

Statistiques générales
  • Ce quiz a été pris 34 fois
  • Le résultat moyen est 6 sur 15
Statistiques - réponses
nom français nom latin famille % Correct
Camerisier noir Lonicera nigra Caprifoliaceae
100%
Chêne des marais Quercus palustris Fagaceae
100%
Chêne pubescent Quercus pubescens Fagaceae
100%
Cornouiller sanguin Cornus sanguinea Cornaceae
100%
Epine-vinette Berberis vulgaris Berberidaceae
100%
Frêne commun Fraxinus excelsior Oleaceae
100%
Merisier Prunus avium Rosaceae
100%
Peuplier blanc Populus alba Salicaceae
100%
Peuplier noir Populus nigra Salicaceae
100%
Pin sylvestre Pinus sylvestris pinaceae
100%
Sureau noir Sambucus nigra Viburnaceae
100%
Prunellier Prunus spinosa Rosaceae
83%
Saule pourpre Salix purpurea Salicaceae
83%
Callune Calluna vulgaris Ericaceae
75%
Châtaignier Castanea sativa Fagaceae
75%
Fusain d'Europe Euonymus europaeus Celastraceae
75%
Marronnier d'Inde Aesculus hippocastanum Sapindaceae
75%
Saule à oreillettes Salix aurita Salicaceae
75%
Ajonc d'Europe Ulex europaeus Fabaceae
67%
Aubépine monogyne Crataegus monogyna Rosaceae
67%
Aulne glutineux Alnus glutinosa Betulaceae
67%
Bouleau pubescent Betula pubescens Betulaceae
67%
Charme Carpinus betulus betulus
67%
Cornouiller mâle Cornus mas Cornaceae
67%
Epicéa de Sitka Picea sitchensis pinaceae
67%
Genêt à balai Cytisus scoparius Fabaceae
67%
If commun Taxusbaccata Taxaceae
67%
Robinier faux-acacia Robinia pseudoacacia Fabaceae
67%
Rosier des chiens Rosa canina Rosaceae
67%
Sapin de Nordmann Abies nordmanniana pinaceae
67%
Bouleau verruqueux Betula pendula Betulaceae
60%
Buis Buxus sempervirens Buxaceae
60%
Chêne pédonculé Quercus robur Fagaceae
60%
Cytise Cytisus decumbens Fabaceae
60%
Epicéa commun Picea abies pinaceae
60%
Genévrier commun Juniperus communis Cupressaceae
60%
Troène Ligustrum vulgare Oleaceae
57%
Pin laricio de Corse Pinus nigra Laricio corsicana pinaceae
56%
Cèdre de l'Atlas cedrus atlantica pinaceae
50%
Chêne rouge d'Amérique Quercus rubra Fagaceae
50%
Chêne sessile Quercus petraea Fagaceae
50%
Erable à feuilles d'obier Acer opalus Sapindaceae
50%
Erable champêtre Acer campestre Sapindaceae
50%
Fragon Ruscus aculeatus Asparagaceae
50%
Groseillier des Alpes Ribes alpinum Grossulariaceae
50%
Hêtre Fagus sylvatica Fagaceae
50%
Lierre commun Hedera helix Araliaceae
50%
Liquidambar Liquidambar styraciflua Altingiaceae
50%
Mélèze du Japon Larix kaempferi pinaceae
50%
Myrtille Vaccinium myrtillus Ericaceae
50%
Néflier Crataegus germanica Rosaceae
50%
Noyer commun Juglans regia Juglandaceae
50%
Noyer noir Juglans nigra Juglandaceae
50%
Orme champêtre Ulmus minor Ulmaceae
50%
Pommier sauvage Malus sylvestris Rosaceae
50%
Saule cendré Salix cinerea Salicaceae
50%
Sorbier des oiseleurs Sorbus aucuparia Rosaceae
50%
Tilleul à grandes feuilles Tilia platyphyllos Malvaceae
50%
Tremble Populus tremula Salicaceae
50%
Cyprès de Lawson Chamaecyparis lawsoniana Cupressaceae
43%
Sureau à grappes Sambucus racemosa Viburnaceae
43%
Ronce bleuâtre Rubus caesius Rosaceae
40%
Ronce des bois Rubus silvaticus Rosaceae
40%
Chèvrefeuilledes Alpes Lonicera alpigena Caprifoliaceae
33%
Clématite vigne blanche Clematis vitalba Ranunculaceae
33%
Pin d'Alep Pinus halepensis pinaceae
33%
Poirier commun Pyrus communis Rosaceae
33%
Sapin pectiné Abies alba pinaceae
33%
Séquoia géant Sequoiadendron giganteum Cupressaceae
33%
Séquoia toujours vert Sequoia sempervirens Cupressaceae
33%
Erable sycomore Acer pseudoplatanus Sapindaceae
29%
Pin weymouth Pinus strobus pinaceae
20%
Framboisier Rubus idaeus Rosaceae
17%
Nerprun des Alpes Rhamnus alpina Rhamnaceae
17%
Pin à crochets Pinus uncinata pinaceae
17%
Viorne lantane Viburnum lantana Viburnaceae
17%
Alisier blanc Aria edulis Rosaceae
0%
Alisier torminal Torminalis glaberrima Rosaceae
0%
Amélanchier à feuilles ovales Amelanchier ovalis Rosaceae
0%
Aubépine commune laevigata Rosaceae
0%
Bois joli Daphne mezereum Thymelaeaceae
0%
Bourdaine Frangula alnus Rhamnaceae
0%
Camerisier à balai Lonicera xylosteum Caprifoliaceae
0%
Cerisier à grappes Prunus padus Rosaceae
0%
Cerisier de Sainte Lucie Prunus mahaleb Rosaceae
0%
Chèvrefeuille des bois Lonicera periclymenum Caprifoliaceae
0%
Cormier Cormus domestica Rosaceae
0%
Coronille arbrisseau Hippocrepis emerus Fabaceae
0%
Coudrier Corylus avellana Betulaceae
0%
Cyprès chauve Taxodium distichum Cupressaceae
0%
Douglas Pseudotsuga menziesii pinaceae
0%
Erable à feuilles de frêne Acer negundo Sapindaceae
0%
Erable plane Acer platanoides Sapindaceae
0%
Frêne oxyphylle Fraxinus angustifolia Oleaceae
0%
Genêt poilu Genista pilosa Fabaceae
0%
Groseillier à maquereau Ribes uva-crispa Grossulariaceae
0%
Groseillier rouge Ribes rubrum Grossulariaceae
0%
Gui Viscum album Viscaceae
0%
Houx commun Ilex aquifolium Aquifoliaceae
0%
Lauréole Daphne laureola Thymelaeaceae
0%
Mélèze d'Europe Larix decidua pinaceae
0%
Nerprun purgatif Rhamnus cathartica Rhamnaceae
0%
Orme des montagnes Ulmus glabra Ulmaceae
0%
Peuplier hybride Populus Salicaceae
0%
Pin cembro Pinus cembra pinaceae
0%
Pin laricio de Calabre Pinus nigra laricio calabria pinaceae
0%
Pin noir d'Autriche Pinus nigra pinaceae
0%
Ronce à feuilles d'orme Rubus ulmifolius Rosaceae
0%
Rosier des champs Rosa arvensis Rosaceae
0%
Sapin de Vancouver Abies grandis pinaceae
0%
Saule blanc Salix alba Salicaceae
0%
Saule marsault Salix caprea Salicaceae
0%
Thuya géant Thuja plicata Cupressaceae
0%
Tilleul à feuilles cordées Tilia cordata Malvaceae
0%
Tulipier de Virginie Liriodendron tulipifera Magnoliaceae
0%
Viorne obier Viburnum opulus Viburnaceae
0%
Aucun quiz correspondant
Distribution des résultats
% des personnes avec chaque résultat
Percentile par nombre de réponses
Votre historique - résultats
Vous n’avez pas pris ce quiz